000 00575cam a2200205 4500
001 4929
005 20181127174427.0
008 121224s2012 ii 000 1 eng
010 _a 2013310912
020 _a9780143418801
100 _aSingh, Ravinder.
_b
_c
_d
_e
_q
245 0 0 _aLike it happened yesterday /
_cRavinder Singh.
264 1 _aNew Delhi :
_bPenguin Metro Reads,
_c2013.
300 _ax, 194 pages ;
_c20 cm
336 _atext
_2rdacontent
337 _aunmediated
_2rdamedia
338 _avolume
_2rdacarrier
500 _aShort stories.
650 0 _aLove stories.
999 _c4105
_d4105